书目信息 |
| 题名: |
逻辑研究
|
|
| 作者: | 潘策尔 著 ;潘策尔 , 倪梁康 编 | |
| 分册: | 第二卷 | |
| 出版信息: | 上海 上海译文出版社 2006.03 |
|
| 页数: | 415页 | |
| 开本: | 21cm | |
| 丛书名: | 二十世纪西方哲学译丛 | |
| 单 册: | ||
| 中图分类: | B81 | |
| 科图分类: | ||
| 主题词: | 逻辑--luo ji--研究 | |
| 电子资源: | ||
| ISBN: | 7-5327-3925-2 | |
| 000 | 01288nam 2200313 450 | |
| 001 | 012008725932 | |
| 005 | 20080602103438.65 | |
| 010 | @a7-5327-3925-2@dCNY30.00 | |
| 100 | @a20080602d2006 em y0chiy0120 ea | |
| 101 | 1 | @achi@cger |
| 102 | @aCN@b310000 | |
| 105 | @ay z 000yy | |
| 106 | @ar | |
| 200 | 1 | @a逻辑研究@Aluo ji yan jiu@d= Logische Untersuchungen@h第二卷@h第二部分@f(德) 埃德蒙德·胡塞尔著@F(de)ai de meng de·hu sai er zhu@g乌尔苏拉·潘策尔编@Gwu er su la·pan ce er bian@g倪梁康译@Gni liang kang yi@zger |
| 205 | @a修订本 | |
| 210 | @a上海@c上海译文出版社@d2006.03 | |
| 215 | @a415页@d21cm | |
| 225 | 2 | @a二十世纪西方哲学译丛@Aer shi shi ji xi fang zhe xue yi cong |
| 305 | @a据海牙马蒂努斯·内伊霍夫出版的《胡塞尔全集》第十九卷第二部分1984年德文考证版译出 | |
| 330 | @a本书被公认为当代哲学最重要的“突破性”著作。它的影响不仅规定了当代许多著名哲学家的思维方向,而且远远超出了哲学领域。 | |
| 410 | 0 | @12001 @a二十世纪西方哲学译丛 |
| 500 | 10 | @aLogische Untersuchungen@mChinese |
| 606 | 0 | @a逻辑@Aluo ji@x研究 |
| 690 | @aB81@v4 | |
| 701 | 1 | @a潘策尔@Apan ce er@g(Panzer, Ursula)@4著 |
| 702 | 1 | @a潘策尔@Apan ce er@g(Panzer, Ursula)@4编 |
| 702 | 0 | @a倪梁康@Ani liang kang@4译 |
| 801 | 0 | @aCN@bQSSK@c20080602 |
| 905 | @b722046-48@dB81@eP090:2.2@f3 | |
| 逻辑研究= Logische Untersuchungen.第二卷.第二部分/(德) 埃德蒙德·胡塞尔著/乌尔苏拉·潘策尔编/倪梁康译.-修订本.-上海:上海译文出版社,2006.03 |
| 415页;21cm.-(二十世纪西方哲学译丛) |
| ISBN 7-5327-3925-2:CNY30.00 |
| 本书被公认为当代哲学最重要的“突破性”著作。它的影响不仅规定了当代许多著名哲学家的思维方向,而且远远超出了哲学领域。 |
| ● |
| 相关链接 |
|
|
|
正题名:逻辑研究
索取号:B81/P090:2.2
 
预约/预借
| 序号 | 登录号 | 条形码 | 馆藏地/架位号 | 状态 | 备注 |
| 1 | 722046 | 207220461 | 社科库509/509社科库 20排2列4层/ [索取号:B81/P090:2.2] | 在馆 | |
| 2 | 722047 | 207220470 | 社科库509/509社科库 20排2列4层/ [索取号:B81/P090:2.2] | 在馆 | |
| 3 | 722048 | 207220489 | 社科库509/509社科库 20排2列4层/ [索取号:B81/P090:2.2] | 在馆 |